Culture Générale - Série 1480 - Statistiques

Statistiques générales
  • Ce quiz a été pris 115 fois
  • Le résultat moyen est 7 sur 10
Statistiques - réponses
Question Réponse % Correct
Dans quelle capitale européenne visite-t-on Buckingham Palace ? Londres
100%
Lorsqu'on dit d'un tableau qu'il est "monochrome", cela signifie qu'il n'a qu'une seule... couleur
98%
Généralement, quel doigt de la main lève-t-on pour faire de l'auto-stop ? pouce
98%
Quel vin blanc mousseux, de la région de Reims, peut-être "rosé", "brut" ou "demi-sec" ? champagne
89%
Quel pays d'Afrique centrale a pour capitale N'Djamena ? Tchad
71%
Comment nomme-t-on les groupes de maisons ouvrières identiques des régions minières du Nord et de la Belgique ? corons
61%
Quel titre porte le machiavélique Mabuse, imaginé par l'écrivain Norbert Jacques ? Docteur
60%
Quel est le nom actuel de l'ancien Honduras britannique ? Belize
51%
Comment se prénomme l'Argentin Vilas, grand champion de tennis des années 1970 ? Guillermo
44%
Quelle femme a exercé la régence pendant la minorité de Louis XIV ? Anne d'Autriche
41%
Aucun quiz correspondant
Distribution des résultats
% des personnes avec chaque résultat
Percentile par nombre de réponses
Votre historique - résultats
Vous n’avez pas pris ce quiz